[Event "Tula Suetin Memorial"]
[Site "Tula"]
[Date "2021.01.03"]
[Round "1"]
[White "Lingur, Zalina"]
[Black "Golubev, Evgeniy1111"]
[Result "1/2-1/2"]
[WhiteElo "2091"]
[BlackElo "2234"]
[PlyCount "75"]
[EventDate "2021.01.03"]
[EventType "tourn"]
[EventRounds "9"]
[EventCountry "RUS"]
[EventCategory "2"]
[SourceTitle "CBM 200 Extra"]
[Source "ChessBase"]
[SourceDate "2021.03.31"]
[SourceVersion "1"]
[SourceVersionDate "2021.03.31"]
[SourceQuality "1"]

1. e4 e5 2. Nf3 Nc6 3. Bb5 a6 4. Ba4 Nf6 5. 0-0 b5 6. Bb3 Be7 7. Re1 d6 8. c3 Na5 9. Bc2 c5 10. d4 cxd4 11. cxd4 Nc6 12. h3 0-0 13. Nc3 Bd7 14. Be3 Rc8 15. Qd2 Qc7 16. Nd5 Nxd5 17. exd5 Nxd4 18. Bxh7+ Kxh7 19. Bxd4 Bf6 20. Bc3 Kg8 21. Ng5 Qd8 22. Ne4 Bf5 23. Nxf6+ Qxf6 24. f4 Qg6 25. fxe5 Bxh3 26. Re3 Bd7 27. Qf2 Rc4 28. Rg3 Rg4 29. Rxg4 Qxg4 30. exd6 b4 31. Bd4 Re8 32. Be3 Qe4 33. Re1 Qxd5 34. Bf4 Rxe1+ 35. Qxe1 Qxa2 36. Qxb4 Qa4 37. Qxa4 Bxa4 38. Kf2 1/2-1/2

[Event "Moscow op-A 15th"]
[Site "Moscow"]
[Date "2019.02.02"]
[Round "8"]
[White "Taalaibekov, Tagir"]
[Black "Lingur, Zalina"]
[Result "1-0"]
[WhiteElo "2204"]
[BlackElo "2081"]
[PlyCount "71"]
[EventDate "2019.01.26"]
[EventType "swiss"]
[EventRounds "9"]
[EventCountry "RUS"]
[SourceTitle "CBM 188 Extra"]
[Source "ChessBase"]
[SourceDate "2019.02.26"]
[SourceVersion "1"]
[SourceVersionDate "2019.02.26"]
[SourceQuality "1"]

1. d4 Nf6 2. Nf3 e6 3. g3 b5 4. Bg2 Bb7 5. 0-0 Be7 6. b3 d5 7. Bb2 Nbd7 8. c4 bxc4 9. bxc4 0-0 10. cxd5 Nxd5 11. Nc3 c5 12. Nxd5 Bxd5 13. Qd3 cxd4 14. Bxd4 Nf6 15. Rfd1 h6 16. Qa6 Qc8 17. Qa5 Qc4 18. Ne5 Qxe2 19. Nc6 Bxc6 20. Bxc6 Rac8 21. Bg2 Rfd8 22. Bf1 Qg4 23. h3 Qe4 24. Bxa7 Nd5 25. Bg2 Qf5 26. Bd4 Bb4 27. Qb5 Rb8 28. Qc4 Ba3 29. Qe2 Nb4 30. Rab1 Nd5 31. Rxb8 Rxb8 32. Kh2 Ne7 33. Be4 Qa5 34. Qg4 e5 35. Be3 Rf8 36. Qh5 1-0

[Event "Wch U20 Girls 36th"]
[Site "Manavgat"]
[Date "2018.09.13"]
[Round "9"]
[White "Alinasab, Mobina"]
[Black "Lingur, Zalina"]
[Result "0-1"]
[WhiteElo "2261"]
[BlackElo "2061"]
[PlyCount "76"]
[EventDate "2018.09.05"]
[EventType "swiss"]
[EventRounds "11"]
[EventCountry "TUR"]
[SourceTitle "CBM 186 Extra"]
[Source "ChessBase"]
[SourceDate "2018.08.24"]
[SourceVersion "1"]
[SourceVersionDate "2018.08.24"]
[SourceQuality "1"]

1. e4 e6 2. d4 d5 3. Nd2 Be7 4. Ngf3 Nf6 5. e5 Nfd7 6. Bd3 c5 7. c3 Nc6 8. 0-0 a5 9. Re1 cxd4 10. cxd4 Qb6 11. Nb1 Nxd4 12. Nxd4 Qxd4 13. Nc3 Bc5 14. Be3 Qh4 15. Nb5 0-0 16. Rc1 b6 17. Bb1 Bb7 18. Bxc5 bxc5 19. Rc3 g6 20. Qc1 Rab8 21. Rh3 Qe7 22. Qh6 f5 23. exf6 Rxf6 24. Rg3 Qg7 25. Qd2 Rbf8 26. f3 Bc6 27. Nc3 Qf7 28. h4 Kh8 29. Nd1 Rf4 30. Nf2 e5 31. Ng4 e4 32. fxe4 d4 33. Bd3 Qe6 34. Nh2 Ne5 35. Bb1 Qf6 36. Qxa5 Qxh4 37. Rh3 Qf2+ 38. Kh1 Nc4 0-1

[Event "Voronezh op-A 22nd"]
[Site "Voronezh"]
[Date "2018.06.13"]
[Round "2"]
[White "Ergeshov, Timur"]
[Black "Lingur, Zalina"]
[Result "1-0"]
[WhiteElo "2290"]
[BlackElo "2101"]
[PlyCount "55"]
[EventDate "2018.06.12"]
[EventType "swiss"]
[EventRounds "9"]
[EventCountry "RUS"]
[SourceTitle "CBM 185 Extra"]
[Source "ChessBase"]
[SourceDate "2018.07.29"]
[SourceVersion "1"]
[SourceVersionDate "2018.07.29"]
[SourceQuality "1"]

1. d4 Nf6 2. c4 e6 3. Nc3 Bb4 4. e3 0-0 5. Nge2 d5 6. a3 Bd6 7. Ng3 c5 8. dxc5 Bxc5 9. b4 Bd6 10. Bb2 Nc6 11. Be2 dxc4 12. Bxc4 b6 13. 0-0 Bb7 14. Qe2 Qe7 15. Rad1 a5 16. Na4 Bc7 17. b5 Nb8 18. Nh5 Nbd7 19. Nxg7 Be5 20. Nh5 Bxb2 21. Nxb2 Ne5 22. f4 Nxc4 23. Rd7 Qc5 24. Nxf6+ Kg7 25. Nxc4 Bc8 26. Qb2 Qxc4 27. Nh5+ Kg6 28. Qf6+ 1-0

[Event "RUS-ch U20 Girls"]
[Site "Loo"]
[Date "2018.04.27"]
[Round "8"]
[White "Lingur, Zalina"]
[Black "Khokhlova, Daria"]
[Result "0-1"]
[WhiteElo "2126"]
[BlackElo "2162"]
[PlyCount "50"]
[EventDate "2018.04.20"]
[EventType "tourn"]
[EventRounds "9"]
[EventCountry "RUS"]
[SourceTitle "CBM 184 Extra"]
[Source "ChessBase"]
[SourceDate "2018.06.28"]
[SourceVersion "1"]
[SourceVersionDate "2018.06.28"]
[SourceQuality "1"]

1. e4 c5 2. Nf3 d6 3. d4 cxd4 4. Nxd4 Nf6 5. f3 e5 6. Nb3 d5 7. Bg5 d4 8. c3 Nc6 9. Bb5 h6 10. Bh4 Qb6 11. Bxc6+ bxc6 12. cxd4 Ba6 13. Nc3 Rd8 14. Bf2 exd4 15. Qc2 c5 16. Na4 Qb4+ 17. Nd2 c4 18. a3 Qa5 19. b3 c3 20. Nc4 Bxc4 21. bxc4 d3 22. Qb3 c2+ 23. Kf1 Qd2 24. Qb2 Qe2+ 25. Kg1 d2 0-1

[Event "RUS-ch U20 Girls"]
[Site "Loo"]
[Date "2018.04.23"]
[Round "4"]
[White "Lingur, Zalina"]
[Black "Potapova, Margarita"]
[Result "0-1"]
[WhiteElo "2126"]
[BlackElo "2223"]
[PlyCount "100"]
[EventDate "2018.04.20"]
[EventType "tourn"]
[EventRounds "9"]
[EventCountry "RUS"]
[SourceTitle "CBM 184 Extra"]
[Source "ChessBase"]
[SourceDate "2018.06.28"]
[SourceVersion "1"]
[SourceVersionDate "2018.06.28"]
[SourceQuality "1"]

1. e4 e5 2. Nf3 Nf6 3. Nc3 Nc6 4. Bb5 Bd6 5. a4 0-0 6. 0-0 Re8 7. d3 h6 8. Bc4 Bc5 9. Be3 d6 10. h3 Be6 11. Nd5 Bxe3 12. fxe3 Bxd5 13. Bxd5 Nxd5 14. exd5 Ne7 15. e4 Ng6 16. g3 Qd7 17. Kg2 Rf8 18. Nh2 Ne7 19. Qh5 f5 20. b3 Qe8 21. Qxe8 Raxe8 22. Rf2 Rf7 23. Raf1 Ref8 24. c4 a5 25. Nf3 b6 26. Nd2 g5 27. Nb1 f4 28. Nc3 Ng6 29. g4 Kg7 30. Nb1 Nh4+ 31. Kh2 Kg6 32. Nd2 h5 33. Rg1 Rh8 34. Nf3 Nxf3+ 35. Rxf3 Rfh7 36. gxh5+ Rxh5 37. Rg4 Rh4 38. Rxh4 Rxh4 39. Kg2 Kf6 40. Kf2 g4 41. hxg4 Kg5 42. Ke2 Rh2+ 43. Ke1 Kxg4 44. Rf1 Rb2 45. Rg1+ Kf3 46. Rg7 Ke3 47. Kd1 f3 48. Kc1 Rg2 49. Rxc7 f2 50. Rf7 Rg1+ 0-1

[Event "Tula Poletov Memorial"]
[Site "Tula"]
[Date "2018.02.12"]
[Round "5"]
[White "Domogaev, Sergey"]
[Black "Lingur, Zalina"]
[Result "1-0"]
[WhiteElo "2415"]
[BlackElo "2139"]
[PlyCount "89"]
[EventDate "2018.02.09"]
[EventType "tourn"]
[EventRounds "9"]
[EventCountry "RUS"]
[EventCategory "3"]
[SourceTitle "CBM 182 Extra"]
[Source "ChessBase"]
[SourceDate "2018.02.23"]
[SourceVersion "1"]
[SourceVersionDate "2018.02.23"]
[SourceQuality "1"]

1. d4 Nf6 2. c4 e6 3. Nc3 Bb4 4. e3 0-0 5. Bd3 d5 6. a3 Bxc3+ 7. bxc3 dxc4 8. Bxc4 c5 9. Nf3 Qc7 10. Ba2 b6 11. 0-0 Bb7 12. Bb2 c4 13. Qa4 Ba6 14. Rae1 b5 15. Qc2 Nbd7 16. e4 e5 17. Bb1 Rfe8 18. Bc1 Bb7 19. Nxe5 Nxe5 20. dxe5 Qxe5 21. Qb2 Rad8 22. f4 Qc5+ 23. Be3 Qh5 24. Bxa7 Nxe4 25. Bd4 Qd5 26. Re3 f5 27. Rfe1 Qd7 28. Bc2 Bc6 29. Bd1 Ra8 30. Bf3 Qd6 31. Bxe4 Rxe4 32. Rxe4 fxe4 33. Qf2 Qd5 34. Qg3 Qf7 35. Rf1 Rxa3 36. f5 Ra2 37. f6 g6 38. Qb8+ Be8 39. Rf4 e3 40. Bxe3 Ra1+ 41. Kf2 h6 42. Bd4 Ra2+ 43. Kg3 Qd5 44. Qxe8+ Kh7 45. Qe7+ 1-0

[Event "Tula Poletov Memorial"]
[Site "Tula"]
[Date "2018.02.10"]
[Round "3"]
[White "Saydaliev, Saidakbar"]
[Black "Lingur, Zalina"]
[Result "1-0"]
[WhiteElo "2349"]
[BlackElo "2139"]
[PlyCount "69"]
[EventDate "2018.02.09"]
[EventType "tourn"]
[EventRounds "9"]
[EventCountry "RUS"]
[EventCategory "3"]
[SourceTitle "CBM 182 Extra"]
[Source "ChessBase"]
[SourceDate "2018.02.23"]
[SourceVersion "1"]
[SourceVersionDate "2018.02.23"]
[SourceQuality "1"]

1. b3 c5 2. Bb2 Nc6 3. Nf3 d6 4. g3 e5 5. d3 g6 6. Bg2 Bg7 7. 0-0 f5 8. c4 Nf6 9. Nc3 0-0 10. Nd2 Be6 11. a3 d5 12. b4 cxb4 13. axb4 dxc4 14. Nxc4 Nd5 15. b5 Nd4 16. Na4 Nxb5 17. Nc5 Bf7 18. Nxb7 Qc7 19. Nba5 Rab8 20. Qd2 Nd4 21. Rfc1 f4 22. Ba3 Rfd8 23. e3 fxe3 24. fxe3 Nb5 25. Bb2 Nb6 26. Nxe5 Qe7 27. Nac6 Qe8 28. Nxb8 Bxe5 29. Bxe5 Nc4 30. Rxc4 Qxe5 31. Rcc1 Qxb8 32. d4 Nd6 33. Rab1 Nb5 34. Qa5 Be8 35. Bf1 1-0

[Event "Tula Poletov Memorial"]
[Site "Tula"]
[Date "2018.02.09"]
[Round "1"]
[White "Biriukov, Ilja"]
[Black "Lingur, Zalina"]
[Result "1/2-1/2"]
[WhiteElo "2416"]
[BlackElo "2139"]
[PlyCount "76"]
[EventDate "2018.02.09"]
[EventType "tourn"]
[EventRounds "9"]
[EventCountry "RUS"]
[EventCategory "3"]
[SourceTitle "CBM 182 Extra"]
[Source "ChessBase"]
[SourceDate "2018.02.23"]
[SourceVersion "1"]
[SourceVersionDate "2018.02.23"]
[SourceQuality "1"]

1. d4 Nf6 2. c4 e6 3. g3 c5 4. Nf3 cxd4 5. Nxd4 Nc6 6. Bg2 Bc5 7. Nb3 Bb4+ 8. Bd2 Be7 9. 0-0 0-0 10. Nc3 Ne5 11. c5 Nc4 12. Bf4 e5 13. Bg5 d6 14. Qc2 dxc5 15. Rfd1 Qe8 16. Bxf6 Bxf6 17. Nd5 Qa4 18. Rac1 Na5 19. Nxc5 Qxc2 20. Nxf6+ gxf6 21. Rxc2 Bf5 22. e4 Bg4 23. f3 Bc8 24. Bf1 Nc6 25. Nd7 Bxd7 26. Rxd7 Nd4 27. Rcc7 b5 28. Kf2 a6 29. Bh3 Rad8 30. Re7 Rd6 31. Bd7 Rd8 32. f4 b4 33. Be8 Nb5 34. Bxb5 axb5 35. Rxf7 Rd2+ 36. Kf3 h5 37. Rg7+ Kf8 38. Rcf7+ Ke8 1/2-1/2

[Event "Moscow op-B (Women) 14th"]
[Site "Moscow"]
[Date "2018.01.30"]
[Round "4"]
[White "Lingur, Zalina"]
[Black "Wagner, Dinara"]
[Result "0-1"]
[WhiteElo "2139"]
[BlackElo "2294"]
[PlyCount "90"]
[EventDate "2018.01.27"]
[EventType "swiss"]
[EventRounds "9"]
[EventCountry "RUS"]
[SourceTitle "CBM 182 Extra"]
[Source "ChessBase"]
[SourceDate "2018.02.23"]
[SourceVersion "1"]
[SourceVersionDate "2018.02.23"]
[SourceQuality "1"]

1. e4 g6 2. d4 Bg7 3. Nc3 d6 4. f4 a6 5. a4 Nf6 6. Nf3 c5 7. d5 0-0 8. Be2 Nbd7 9. 0-0 b6 10. Nd2 Bb7 11. Bf3 Ne8 12. Nc4 f5 13. Re1 fxe4 14. Nxe4 b5 15. Ne3 Rxf4 16. Ng4 Rf5 17. Ng5 Nc7 18. Be4 Rf8 19. Qd3 h5 20. Bxg6 hxg4 21. Bh7+ Kh8 22. Bg8 Nf6 23. Nf7+ Rxf7 24. Bxf7 Qf8 25. Bg6 Bxd5 26. Qg3 Kg8 27. Bg5 Ne6 28. Bxf6 Qxf6 29. Bd3 c4 30. Be2 Nf4 31. c3 Bxg2 32. Bxg4 Rf8 33. axb5 axb5 34. Ra7 e5 35. h4 d5 36. Kh2 Kh8 37. Rg1 Bh6 38. Rxg2 Nxg2 39. Qxg2 Qxh4+ 40. Bh3 Qf4+ 41. Qg3 Qd2+ 42. Qg2 Qe1 43. Bf5 Bf4+ 44. Kh3 Qe3+ 45. Kh4 Qxa7 0-1

[Event "Chigorin Memorial 25th"]
[Site "St Petersburg"]
[Date "2017.10.26"]
[Round "6"]
[White "Lingur, Zalina"]
[Black "Remizov, Yaroslav"]
[Result "0-1"]
[WhiteElo "2108"]
[BlackElo "2306"]
[PlyCount "134"]
[EventDate "2017.10.21"]
[EventType "swiss"]
[EventRounds "9"]
[EventCountry "RUS"]
[SourceTitle "CBM 181 Extra"]
[Source "ChessBase"]
[SourceDate "2017.12.12"]
[SourceVersion "1"]
[SourceVersionDate "2017.12.12"]
[SourceQuality "1"]

1. d4 d5 2. c4 e6 3. cxd5 exd5 4. Nc3 c6 5. Nf3 Nf6 6. Bg5 Bf5 7. e3 Qb6 8. Bd3 Ne4 9. 0-0 Qxb2 10. Bxe4 dxe4 11. Nh4 g6 12. Bf6 Rg8 13. Nxe4 Nd7 14. Qf3 Qb5 15. Be5 Bxe4 16. Qxe4 Qd5 17. Qxd5 cxd5 18. Bg3 Be7 19. Nf3 Bd8 20. Rfb1 b6 21. Rb5 Nf6 22. Rc1 a6 23. Rb2 Ne4 24. Rc6 f6 25. Ne1 Kd7 26. Rbc2 Re8 27. Nd3 Re6 28. Rxe6 Kxe6 29. f3 Nxg3 30. hxg3 Kd6 31. Kf2 Ra7 32. e4 dxe4 33. fxe4 Rc7 34. Rxc7 Bxc7 35. Nb4 a5 36. Nd5 f5 37. Nxc7 Kxc7 38. e5 Kc6 39. e6 Kd6 40. d5 b5 41. Ke3 h5 42. Kf4 b4 43. Kg5 Ke7 44. Kf4 Kd6 45. Kg5 Ke7 46. Kf4 Kd6 47. Ke3 g5 48. Kd4 a4 49. Kc4 b3 50. axb3 a3 51. Kc3 f4 52. b4 h4 53. b5 a2 54. Kb2 a1Q+ 55. Kxa1 h3 56. gxf4 gxf4 57. gxh3 f3 58. Kb2 f2 59. Kc3 f1Q 60. Kb4 Qf2 61. h4 Qd4+ 62. Ka5 Qxd5 63. Ka6 Qa8+ 64. Kb6 Kxe6 65. h5 Kd6 66. h6 Qb8+ 67. Ka6 Kc5 0-1

[Event "Chigorin Memorial 25th"]
[Site "St Petersburg"]
[Date "2017.10.23"]
[Round "3"]
[White "Soffer, Ram"]
[Black "Lingur, Zalina"]
[Result "1-0"]
[WhiteElo "2500"]
[BlackElo "2108"]
[PlyCount "103"]
[EventDate "2017.10.21"]
[EventType "swiss"]
[EventRounds "9"]
[EventCountry "RUS"]
[SourceTitle "CBM 181 Extra"]
[Source "ChessBase"]
[SourceDate "2017.12.12"]
[SourceVersion "1"]
[SourceVersionDate "2017.12.12"]
[SourceQuality "1"]

1. c4 c5 2. g3 Nc6 3. Bg2 g6 4. Nc3 Bg7 5. a3 e6 6. Rb1 a5 7. e4 Nge7 8. Nge2 0-0 9. d3 d6 10. 0-0 f5 11. Bg5 h6 12. Be3 fxe4 13. dxe4 Ne5 14. b3 Ra6 15. f4 Ng4 16. Bc1 e5 17. h3 Nf6 18. fxe5 dxe5 19. Qxd8 Rxd8 20. Be3 Nd7 21. Na4 b6 22. Rbd1 Rf8 23. Rd6 Rxf1+ 24. Bxf1 Bf8 25. Nec3 Kf7 26. Nb5 Nf6 27. Bg2 Nd7 28. h4 Kg7 29. Bh3 Nf6 30. Bxc8 Nxc8 31. Bxh6+ Kf7 32. Rxf6+ Kxf6 33. Bxf8 Ne7 34. Bxe7+ Kxe7 35. Nc7 Ra7 36. Nxb6 Rb7 37. Nbd5+ Kd6 38. Nb5+ Kc6 39. Kg2 Rf7 40. Kh3 Kd7 41. Kg4 Rf1 42. Nbc3 Ke6 43. Na4 Kd6 44. Kg5 Rf3 45. g4 Rxb3 46. Kxg6 Rxa3 47. Ndc3 Ke7 48. h5 Kf8 49. h6 Kg8 50. Nb5 Rf3 51. Nd6 Rh3 52. Nxc5 1-0

[Event "St Petersburg Summer op"]
[Site "St Petersburg"]
[Date "2017.08.20"]
[Round "5"]
[White "Lingur, Zalina"]
[Black "Karasev, Vladimir I"]
[Result "0-1"]
[WhiteElo "2091"]
[BlackElo "2343"]
[PlyCount "70"]
[EventDate "2017.08.16"]
[EventType "swiss"]
[EventRounds "9"]
[EventCountry "RUS"]
[SourceTitle "CBM 180 Extra"]
[Source "ChessBase"]
[SourceDate "2017.10.06"]
[SourceVersion "1"]
[SourceVersionDate "2017.10.06"]
[SourceQuality "1"]

1. e4 c5 2. Nf3 e6 3. c4 a6 4. d4 cxd4 5. Nxd4 Nf6 6. Nc3 Qc7 7. a3 b6 8. Be2 Bb7 9. f3 Nc6 10. Be3 Nxd4 11. Qxd4 Bc5 12. Qd2 0-0 13. Na4 Bxe3 14. Qxe3 b5 15. cxb5 axb5 16. Nc5 Bc6 17. b4 Qe5 18. 0-0 Nd5 19. Qd2 Nf4 20. Rfd1 f5 21. Bf1 fxe4 22. fxe4 Rf7 23. Qd4 Qg5 24. Nd3 Raf8 25. Qe3 Rf6 26. Re1 h6 27. Rac1 Bxe4 28. Rc5 d5 29. Nxf4 Rxf4 30. Qh3 Qf6 31. Rcc1 Rf2 32. Qg3 Qd4 33. Kh1 Qb2 34. h3 R2f6 35. Qe3 Rxf1+ 0-1

[Event "St Petersburg Summer op"]
[Site "St Petersburg"]
[Date "2017.08.17"]
[Round "2"]
[White "Klepikov, Nikita"]
[Black "Lingur, Zalina"]
[Result "1-0"]
[WhiteElo "2305"]
[BlackElo "2091"]
[PlyCount "139"]
[EventDate "2017.08.16"]
[EventType "swiss"]
[EventRounds "9"]
[EventCountry "RUS"]
[SourceTitle "CBM 180 Extra"]
[Source "ChessBase"]
[SourceDate "2017.10.06"]
[SourceVersion "1"]
[SourceVersionDate "2017.10.06"]
[SourceQuality "1"]

1. e4 c5 2. Nf3 a6 3. c3 Nf6 4. e5 Nd5 5. Bc4 Nb6 6. Bb3 d5 7. d4 cxd4 8. Nxd4 Nc6 9. f4 Nxd4 10. Qxd4 Be6 11. 0-0 g6 12. Na3 Bg7 13. Qb4 a5 14. Qb5+ Bd7 15. Qc5 a4 16. Bxd5 Rc8 17. Qd4 Nxd5 18. Qxd5 Qb6+ 19. Qd4 Qxd4+ 20. cxd4 e6 21. b4 axb3 22. axb3 Bf8 23. Nc4 Bb5 24. Ba3 Bxc4 25. Rfc1 Ra8 26. Bxf8 Rxa1 27. Rxa1 Ba6 28. Bc5 Kd7 29. Kf2 Rc8 30. Ke3 Bb5 31. Ra2 Bc6 32. Kf2 Bd5 33. Ra3 Kc6 34. b4 Kd7 35. Rh3 h5 36. g4 Ra8 37. gxh5 Ra2+ 38. Ke1 Ra1+ 39. Kd2 Ra2+ 40. Kc1 gxh5 41. Rxh5 Be4 42. Rh4 Kc6 43. Rh8 b6 44. Be7 Kd5 45. Rd8+ Kc4 46. h4 Rc2+ 47. Kd1 Kd3 48. Bg5 Rb2 49. Ke1 Rxb4 50. Rd7 Bg6 51. d5 exd5 52. Rxd5+ Ke4 53. Rd6 Bf5 54. Kd2 Rd4+ 55. Kc3 Rxd6 56. exd6 Kd5 57. Be7 Kc6 58. Kd4 b5 59. Ke5 Bg6 60. f5 Bh5 61. Kf6 b4 62. d7 Kxd7 63. Bxb4 Ke8 64. Kg5 Be2 65. h5 f6+ 66. Kg6 Bc4 67. h6 Bg8 68. Kg7 Bh7 69. Kxh7 Kf7 70. Kh8 1-0

[Event "St Petersburg Summer op"]
[Site "St Petersburg"]
[Date "2017.08.16"]
[Round "1"]
[White "Lingur, Zalina"]
[Black "Mironov, Alexander"]
[Result "1-0"]
[WhiteElo "2091"]
[BlackElo "1457"]
[PlyCount "67"]
[EventDate "2017.08.16"]
[EventType "swiss"]
[EventRounds "9"]
[EventCountry "RUS"]
[SourceTitle "CBM 180 Extra"]
[Source "ChessBase"]
[SourceDate "2017.10.06"]
[SourceVersion "1"]
[SourceVersionDate "2017.10.06"]
[SourceQuality "1"]

1. e4 d5 2. exd5 Qxd5 3. Nc3 Qd8 4. d4 Nf6 5. Bc4 Bg4 6. Nge2 e6 7. 0-0 Be7 8. f3 Bf5 9. Ng3 Bg6 10. f4 0-0 11. f5 Bxf5 12. Nxf5 exf5 13. Rxf5 Qd7 14. Rf1 Nc6 15. Ne2 Rad8 16. c3 Ne5 17. Bb3 Ng6 18. Kh1 Bd6 19. Bc2 Qg4 20. Nf4 Rde8 21. Bd2 Qh4 22. g3 Qg4 23. Nd5 Qxd1 24. Nxf6+ gxf6 25. Bxd1 Kg7 26. Rf2 c5 27. Bb3 b6 28. Raf1 Be7 29. h4 cxd4 30. cxd4 h5 31. Rf5 Bd6 32. Rxf6 Bxg3 33. Bxf7 Re6 34. Rxe6 1-0